An introduction to health planning in developing countries

This book covers all aspects of planning for health in developing countries. It emphasizes the many factors that impinge on health, the different non-governmental agencies involved in health activities, and the need for participation in planning by communities

Gorde:
Xehetasun bibliografikoak
Egile nagusia: Andrew Green
Formatua: Liburua
Hizkuntza:Undetermined
Argitaratua: Oxford Oxford Univ 1994
Gaiak:
Etiketak: Etiketa erantsi
Etiketarik gabe, Izan zaitez lehena erregistro honi etiketa jartzen!
Thư viện lưu trữ: Trung tâm Học liệu Trường Đại học Cần Thơ
LEADER 00802nam a2200181Ia 4500
001 CTU_15451
008 210402s9999 xx 000 0 und d
082 |a 362.1091724 
082 |b G795 
100 |a Andrew Green 
245 3 |a An introduction to health planning in developing countries 
245 0 |c Andrew Green 
260 |a Oxford 
260 |b Oxford Univ 
260 |c 1994 
520 |a This book covers all aspects of planning for health in developing countries. It emphasizes the many factors that impinge on health, the different non-governmental agencies involved in health activities, and the need for participation in planning by communities 
650 |a developing countries,health planning - organization and administration 
980 |a Trung tâm Học liệu Trường Đại học Cần Thơ